000 00621nam a2200181Ia 4500
005 20250508163409.0
008 008 250505s9999 xx 000 0 eng d
037 _aBooks to be hide in OPAC
040 _aFEDL
_beng
_cFEDL
041 _aeng
_2eng
084 _a610.7, IND/O
_qFEDL
245 0 _aHealth services and medical education: A programme for immediate action
245 0 _cIndia, Government of.... Ministry of Health and Family Planning
260 _aNew Delhi, India
_bMinistry of Health and Family Planning
_c1975
300 _a56p.
942 _cHB
_h610.7, IND/O
999 _c1382826
_d1382826